| 000 | 00867cam a2200277 i 4500 | ||
|---|---|---|---|
| 001 | 2146 | ||
| 005 | 20231108073737.0 | ||
| 020 |
_a0803731434 _c$6.95 |
||
| 020 |
_a0803731442 _c$6.46 |
||
| 020 | _a9780141306438 | ||
| 040 |
_aDLC _cDLC _dDLC _beng |
||
| 050 | 0 | 0 |
_aPZ7.M7276 _bFe |
| 082 | 0 | 0 | _a303 |
| 100 | 1 | _aMohr, Nicholasa | |
| 245 | 1 | 0 |
_aFelita / _cby Nicholasa Mohr ; pictures by Ray Cruz. |
| 260 |
_aNew York : _bPuffin Books, _c1979 |
||
| 300 |
_a112 pages : _billustrations _c22 cm |
||
| 505 | _aK | ||
| 520 | _aThe everyday experiences of an eight-year-old Puerto Rican girl growing up in a close-knit, urban community. | ||
| 521 |
_a580 _bLexile |
||
| 521 |
_aK _bRaz-Plus |
||
| 650 | 1 |
_aCity and town life _xFiction. |
|
| 650 | 1 |
_aPuerto Ricans _zUnited States _xFiction. |
|
| 906 |
_a7 _bcbc _corignew _d1 _eocip _f19 _gy-gencatlg |
||
| 942 |
_2ddc _cBK _n0 |
||
| 999 |
_c2146 _d2146 |
||